00705cam a22002057a 4500003000500000005001700005008004100022010001000063011001000073035001000083040000900093100003100102245007100133260004100204300001900245500012600264650003900390650004100429650002900470CHAP20220817041742.0971013s1985 r 00010 d a23366 a24338 a28437 cCHAP00aChávez Morales, Jesús.13aAn optimization and simulation methodology for irrigation planning aDavis, California :bEl autor,c1985 a234 h.b: ilus aTheses (Doctor of Phylosophy in Engineering) -- University of California Davis. College of Engineering. Graduate division14aDistrito de Riego Río Mayo, Son.14aIrrigaciónxModelos matemáticos.14aIrrigaciónxProyectos.